00678nam a2200217Ia 450000500170000000800410001702000180005804000180007604100080009408200240010210000180012624500700014425000120021426000540022630000280028065000460030865000370035465000360039170000180042770000150044520220916110547.0210716s2011 xx 000 0 und d a9788131219430 cAIMIT LIBRARY aeng a621.38212 21bKUMA aKumar,Anurag. aWireless networking /cBy Anurag Kumar, D Manjunath and Joy Kuri. a1st ed. aNew Delhi :bReed Elsevier India Pvt Ltd ,c2011. axvii, 427p. ;c23.5 cm. aApplication models and performance issues aRandom access and wireless LANSs aDiscrete event random processes aManjunath, D. aKuri, Joy.